000 00859nam a2200229Ia 4500
003 GCL
008 140319s9999 xx 000 0 ara d
020 _a6487701977
040 _aGCL /
_cGCL
082 0 4 _a070.962
_bس ص
100 1 _aسهير اسكندر
245 1 0 _aموقف الصحافة المصرية من القضايا الوطنية 1946 - 1954 ( ج 2 ) /
_cسهير اسكندر
260 _aالقاهرة :
_bالهيئة المصرية العامة للكتاب ،
_c1996
300 _a307 ص ؛
_c24 سم
490 _aتاريخ المصريين
_v94
650 0 4 _aالاحوال الاجتماعية
650 0 4 _aالاحوال السياسية
650 0 4 _aالصحافة المصرية
650 0 4 _aثورة 23 يوليو 1952
650 0 4 _aمصر - تاريخ - العصر الحديث (1805 - 1956 )
942 _2ddc
_cBK
999 _c52223
_d52223